[Event "EU-Cup Online Gr-E (Women)"]
[Site "Tornelo INT"]
[Date "2020.12.20"]
[Round "9.4"]
[White "Daulyte Cornette, Deimante"]
[Black "Solovieva, Kristina"]
[Result "1-0"]
[WhiteElo "2400"]
[BlackElo "1557"]
[PlyCount "59"]
[EventDate "2020.12.19"]
[EventType "team-tourn (rapid)"]
[EventRounds "9"]
[EventCountry "ISS"]
[SourceTitle "CBM 199 Extra"]
[Source "ChessBase"]
[SourceDate "2021.01.31"]
[SourceVersion "1"]
[SourceVersionDate "2021.01.31"]
[SourceQuality "1"]
[WhiteTeam "Schwaebisch Hall (W)"]
[BlackTeam "She Plays To Win (W)"]
[WhiteTeamCountry "GER"]
[BlackTeamCountry "ENG"]

1. e4 c5 2. Nc3 e6 3. Nge2 a6 4. g3 Qc7 5. Bg2 Nc6 6. d4 cxd4 7. Nxd4 Bb4 8. 0-0 Nf6 9. Be3 Be7 10. f4 d6 11. a4 Bd7 12. Qe2 Nxd4 13. Bxd4 Bc6 14. a5 0-0 15. g4 Rfc8 16. g5 Ne8 17. Qh5 g6 18. Qh4 e5 19. Bb6 Qb8 20. f5 Nc7 21. Rf3 h5 22. Raf1 Rf8 23. fxg6 fxg6 24. Rxf8+ Bxf8 25. Qf2 Nb5 26. Qf7+ Kh8 27. Qxg6 Qe8 28. Rf7 Qxf7 29. Qxf7 Nxc3 30. bxc3 1-0

[Event "EU-Cup Online Gr-E (Women)"]
[Site "Tornelo INT"]
[Date "2020.12.20"]
[Round "6.1"]
[White "Shabanaj, Eglantina"]
[Black "Solovieva, Kristina"]
[Result "1-0"]
[WhiteElo "1996"]
[BlackElo "1557"]
[PlyCount "90"]
[EventDate "2020.12.19"]
[EventType "team-tourn (rapid)"]
[EventRounds "9"]
[EventCountry "ISS"]
[SourceTitle "CBM 199 Extra"]
[Source "ChessBase"]
[SourceDate "2021.01.31"]
[SourceVersion "1"]
[SourceVersionDate "2021.01.31"]
[SourceQuality "1"]
[WhiteTeam "Klubi i Kampioneve (W)"]
[BlackTeam "She Plays To Win (W)"]
[WhiteTeamCountry "ALB"]
[BlackTeamCountry "ENG"]

1. Nf3 f5 2. g3 Nf6 3. Bg2 g6 4. 0-0 Bg7 5. d3 d6 6. c3 0-0 7. Qb3+ d5 8. Nbd2 e6 9. Rd1 c6 10. e4 Qc7 11. e5 Nfd7 12. d4 a5 13. Nf1 a4 14. Qc2 b5 15. Bg5 Re8 16. Qd2 Nb6 17. b3 Ba6 18. b4 Nc4 19. Qc1 Nd7 20. Ne3 Ndb6 21. Bf1 Nxe3 22. Qxe3 Bb7 23. h4 h5 24. Bd3 Nd7 25. Nh2 Nf8 26. f3 Nh7 27. Bf4 Qf7 28. Rf1 Kf8 29. Rf2 Ke7 30. g4 hxg4 31. fxg4 Kd7 32. Raf1 Rh8 33. Rg2 Rag8 34. h5 gxh5 35. gxf5 exf5 36. Bg3 f4 37. Rxf4 Qe7 38. e6+ Ke8 39. Rf7 Qg5 40. Qxg5 Nxg5 41. Rxb7 Nh3+ 42. Kh1 Bf6 43. Bd6 Rxg2 44. Kxg2 Ng5 45. Bg6+ Kd8 1-0

[Event "EU-Cup Online Gr-E (Women)"]
[Site "Tornelo INT"]
[Date "2020.12.19"]
[Round "2.3"]
[White "Hoolt, Sarah"]
[Black "Solovieva, Kristina"]
[Result "1-0"]
[WhiteElo "2313"]
[BlackElo "1557"]
[PlyCount "73"]
[EventDate "2020.12.19"]
[EventType "team-tourn (rapid)"]
[EventRounds "9"]
[EventCountry "ISS"]
[SourceTitle "CBM 199 Extra"]
[Source "ChessBase"]
[SourceDate "2021.01.31"]
[SourceVersion "1"]
[SourceVersionDate "2021.01.31"]
[SourceQuality "1"]
[WhiteTeam "Hamburger SK (W)"]
[BlackTeam "She Plays To Win (W)"]
[WhiteTeamCountry "GER"]
[BlackTeamCountry "ENG"]

1. e4 c5 2. d3 e6 3. g3 Nc6 4. Bg2 a6 5. f4 Be7 6. Nf3 b5 7. c3 Bb7 8. 0-0 d6 9. d4 Nf6 10. e5 Nd5 11. Na3 c4 12. Nc2 Qc7 13. Ne3 Nxe3 14. Bxe3 d5 15. f5 0-0-0 16. fxe6 fxe6 17. Bh3 Qd7 18. Ng5 Bxg5 19. Bxg5 Rde8 20. Qh5 g6 21. Qh6 Nd8 22. Bxd8 Kxd8 23. Rf6 Bc8 24. Raf1 Re7 25. Rxg6 hxg6 26. Qxh8+ Kc7 27. Qf6 Qe8 28. Qg5 Rf7 29. Rf6 Rxf6 30. exf6 Qf7 31. Qe5+ Kd8 32. g4 Ke8 33. g5 Kd8 34. Qd6+ Qd7 35. Qf8+ Qe8 36. Qg7 Qd7 37. f7 1-0

[Event "EU-Cup Online Gr-E (Women)"]
[Site "Tornelo INT"]
[Date "2020.12.19"]
[Round "3.2"]
[White "Solovieva, Kristina"]
[Black "Yildiz Kadioglu, Betul Cemre"]
[Result "0-1"]
[WhiteElo "1557"]
[BlackElo "2362"]
[PlyCount "60"]
[EventDate "2020.12.19"]
[EventType "team-tourn (rapid)"]
[EventRounds "9"]
[EventCountry "ISS"]
[SourceTitle "CBM 199 Extra"]
[Source "ChessBase"]
[SourceDate "2021.01.31"]
[SourceVersion "1"]
[SourceVersionDate "2021.01.31"]
[SourceQuality "1"]
[WhiteTeam "She Plays To Win (W)"]
[BlackTeam "Anatolia Red (W)"]
[WhiteTeamCountry "ENG"]
[BlackTeamCountry "TUR"]

1. e4 e5 2. Nf3 Nc6 3. d4 exd4 4. Nxd4 Bb4+ 5. c3 Bc5 6. Nb3 Bb6 7. Qe2 Qf6 8. Be3 Nge7 9. f3 Ng6 10. N1d2 Nf4 11. Qf2 Ne5 12. Bxb6 Ned3+ 13. Bxd3 Nxd3+ 14. Ke2 Nxf2 15. Bxf2 0-0 16. Bd4 Qg5 17. Rag1 b6 18. h4 Ba6+ 19. c4 Qe7 20. g4 d5 21. Ke3 c5 22. cxd5 cxd4+ 23. Nxd4 Qb4 24. N2b3 Rac8 25. Rc1 Qa4 26. a3 Rxc1 27. Rxc1 Rc8 28. Rxc8+ Bxc8 29. d6 f6 30. Kf4 Kf7 0-1

[Event "London Classic op U1825 11th"]
[Site "London"]
[Date "2019.12.01"]
[Round "5"]
[White "Caceres De la Calle, Eduardo"]
[Black "Solovieva, Kristina"]
[Result "0-1"]
[WhiteElo "1623"]
[BlackElo "1415"]
[PlyCount "110"]
[EventDate "2019.11.29"]
[EventType "swiss"]
[EventRounds "5"]
[EventCountry "ENG"]
[SourceTitle "CBM 195 Extra"]
[Source "ChessBase"]
[SourceDate "2020.05.31"]
[SourceVersion "1"]
[SourceVersionDate "2020.05.31"]
[SourceQuality "1"]

1. c4 f5 2. Nc3 Nf6 3. g3 g6 4. Bg2 d6 5. e3 Bg7 6. Nge2 0-0 7. 0-0 e5 8. d4 e4 9. Nf4 Nc6 10. a3 g5 11. Nh5 Nxh5 12. Qxh5 g4 13. Nxe4 fxe4 14. Bxe4 h6 15. Qg6 Qf6 16. Qh7+ Kf7 17. f4 Rh8 18. Bd5+ Ke7 19. Qe4+ Kd7 20. f5 h5 21. Be6+ Kd8 22. Bd2 Re8 23. d5 Ne5 24. Bc3 Bd7 25. Bxe5 Qxe5 26. Qxe5 Bxe5 27. b3 Bxa1 28. Rxa1 Bxe6 29. dxe6 Ke7 30. e4 Kf6 31. Kf2 Rh8 32. Ke3 h4 33. Kf4 hxg3 34. hxg3 Rag8 35. Rd1 Rg7 36. b4 Rh2 37. Ke3 Rg2 38. c5 Rxg3+ 39. Kd4 dxc5+ 40. bxc5 Rxa3 41. Rh1 Rh3 42. Rf1 Rg8 43. e5+ Ke7 44. f6+ Kxe6 45. f7 Rf8 46. Rf6+ Ke7 47. Kd5 Rxf7 48. Rg6 Rg3 49. e6 Rh7 50. Rg8 Rh5+ 51. Kd4 Kxe6 52. Rg7 Rg1 53. Rxc7 g3 54. Rxb7 g2 55. Ke3 Re1+ 0-1

[Event "London Classic op U1825 11th"]
[Site "London"]
[Date "2019.12.01"]
[Round "4"]
[White "Piecha, Lukasz Marek"]
[Black "Solovieva, Kristina"]
[Result "0-1"]
[WhiteElo "1637"]
[BlackElo "1415"]
[PlyCount "71"]
[EventDate "2019.11.29"]
[EventType "swiss"]
[EventRounds "5"]
[EventCountry "ENG"]
[SourceTitle "CBM 195 Extra"]
[Source "ChessBase"]
[SourceDate "2020.05.31"]
[SourceVersion "1"]
[SourceVersionDate "2020.05.31"]
[SourceQuality "1"]

1. d4 f5 2. Nc3 Nf6 3. Bf4 g6 4. e3 Bg7 5. h4 Ne4 6. Nxe4 fxe4 7. h5 d5 8. f3 Nc6 9. Nh3 exf3 10. Qxf3 Bf5 11. Ng5 Nb4 12. Bb5+ c6 13. Ba4 h6 14. Nh3 Nxc2+ 15. Bxc2 Bxc2 16. 0-0 Bd3 17. Qg3 g5 18. Rf2 Qd7 19. b4 0-0-0 20. a4 gxf4 21. Nxf4 Bxd4 22. exd4 Be4 23. b5 Rhg8 24. Qc3 Rdf8 25. bxc6 bxc6 26. Qe3 Qg4 27. Raf1 Kd7 28. Ng6 Rxf2 29. Ne5+ Kc7 30. Nxg4 Rxg2+ 31. Kh1 R8xg4 32. Rf3 R2g3 33. Kh2 Rxf3 34. Qe2 Rh4+ 35. Kg1 Rg3+ 36. Kf2 0-1

[Event "BCF-ch U11"]
[Site "Hull"]
[Date "2018.07.28"]
[Round "6"]
[White "Ratnesan, Radha"]
[Black "Solovieva, Kristina"]
[Result "1-0"]
[WhiteElo "115"]
[BlackElo "104"]
[PlyCount "76"]
[EventDate "2018.07.27"]
[EventType "swiss"]
[EventRounds "6"]
[EventCountry "ENG"]
[SourceTitle "CBM 186 Extra"]
[Source "ChessBase"]
[SourceDate "2018.08.24"]
[SourceVersion "1"]
[SourceVersionDate "2018.08.24"]
[SourceQuality "1"]

1. d4 Nf6 2. c4 g6 3. Nc3 Bg7 4. e4 d6 5. Bf4 0-0 6. Nf3 Nc6 7. Be2 Re8 8. 0-0 Nh5 9. Be3 e5 10. d5 Ne7 11. b4 h6 12. Rc1 a5 13. b5 b6 14. Qd2 Kh7 15. Ne1 Nf6 16. f4 Nd7 17. Nd3 f5 18. g4 exf4 19. Rxf4 g5 20. Rff1 f4 21. Nxf4 gxf4 22. Rxf4 Nf6 23. Bd4 Ng6 24. Bxf6 Bxf6 25. Rf2 Bxc3 26. Qxc3 Rf8 27. Rcf1 Rxf2 28. Rxf2 Qh8 29. Rf7+ Kg8 30. Qxh8+ Nxh8 31. Rxc7 Nf7 32. Kf2 Kg7 33. g5 Kg6 34. gxh6 Nxh6 35. Kg3 Kf6 36. Kf4 Nf7 37. h4 Bh3 38. Rb7 Rg8 1-0